LEADER 01214nam a2200253 i 4500 001 000000177944 003 CaOOAMICUS 005 20090302000000.0 008 090302s2008 it u000 u ita u 013 $a155513 040 $aSeMil$bita 245 10$aEmmanuele, Dio è con noi :$bSant'Angelo in Vado, Chiesa di Santa Maria dei Servi, 8 dicembre 2008-18 gennaio 2009. 260 $a[S.l. :$bs.n.],$cstampa 2008$e(Urbino :$fArti Grafiche Editoriali,$gstampa 2008) 300 $a147 p. :$bill. ;$c21 cm. 490 0 $aI segni del tempo ;$vN.5 500 $aCatalogo della mostra. - Dono del Card. Dionigi Tettamanzi. 650 4$aSant'Angelo in Vado - Chiese - Santa Maria dei Servi - Esposizioni.$0(OLS)http://semarc/subject/33980 830 2$aI segni del tempo ;$vN.5.$0(OLS)http://semarc/title/11933 850 $aSeMil 852 $aSeMil$W1$xVenegono$y1$m5S XVI 43$j128740$B128740$CSeMilBibl$Z2$F139927 $81 941 1 $a5 961 $aOmaggio: Tettamanzi Card. Dionigi 996 $6245$aEmmanuele, Dio è con noi :$bSant'Angelo in Vado, Chiesa di Santa Maria dei Servi, 8 dicembre 2008-18 gennaio 2009$9(OLS)http://semarc/title/255564 996 $6260$a[S.l. :$bs.n.]$9(OLS)http://semarc/publisher/29751 LEADER 01524nam a2200313 i 4500 001 000000212244 003 CaOOAMICUS 005 20120403000000.0 008 120403s1995 it u000 u ita u 013 $a191075 020 $a88-215-2671-2 040 $aSeMil$bita 100 1 $aLawrence, Clifford Hugh.$0(OLS)http://semarc/name/75738 240 10$aMedieval monasticism : forms of religious life in Western Europe in the Middle Ages.$0(OLS)http://semarc/title/306503 245 13$aIl monachesimo medievale :$bforme di vita religiosa in Occidente /$cClifford Hugh Lawrence ; introduzione all'edizione italiana di Giorgio Picasso. 250 $a2. ed. 260 $aCinisello Balsamo :$bSan Paolo,$c1995. 300 $a403 p. ;$c21 cm. 490 0 $aStoria della Chiesa. Sussidi ;$v3. 650 4$aMonachesimo.$0(OLS)http://semarc/subject/4553 650 4$aMonachesimo - Storia - Medioevo.$0(OLS)http://semarc/subject/4554 700 1 $aPicasso, Giorgio,$c.$0(OLS)http://semarc/name/89587 830 0$aStoria della Chiesa. Sussidi ;$v3.$0(OLS)http://semarc/title/6201 850 $aSeMil 852 $aSeMil$W1$xVenegono$y1$m3T III 22$j162678$B162678$CSeMilBibl$Z2$F175894 $81 961 $aAcquisto: San Paolo (Agente) 996 $6020$a88-215-2671-2$9(OLS)http://semarc/number/207705 996 $6245$aIl monachesimo medievale :$bforme di vita religiosa in Occidente$9(OLS)http://semarc/title/306502 996 $6260$aCinisello Balsamo :$bSan Paolo$9(OLS)http://semarc/publisher/30129 LEADER 01449nam a2200289 i 4500 001 000000048998 003 CaOOAMICUS 005 20150911000000.0 008 150911s1991 it u000 u ita u 013 $a20168 020 $a88-343-3737-9 040 $aSeMil$bita 245 10$aScienza e tecnologia per lo sviluppo nella pace :$batti del 61. corso di aggionamento culturale dell'Università Cattolica, Piacenza, 8-13 settembre 1991 /$cContributi di: Adriano Bausola ... [et al.]. 260 $aMilano :$bVita e Pensiero,$ccopyr. 1991. 300 $aVIII, 317 p. ;$c23 cm. 490 0 $aLe api : collana di scienze umane, scienze religiose, lettere ed arti 500 $aIn preliminari : Fondo Conti. 650 4$aScienze applicate.$0(OLS)http://semarc/subject/180 650 4$aPace.$0(OLS)http://semarc/subject/5526 700 1 $aBausola, Adriano,$d<1930-2000>.$0(OLS)http://semarc/name/2895 830 3$aLe api.$0(OLS)http://semarc/title/6938 850 $aSeMil 852 $aSeMil$W1$xVenegono$y1$m3N V 342$j15153$B15153$CSeMilBibl$Z2$F15153 $81 961 $aOmaggio: Conti Franco 996 $6020$a88-343-3737-9$9(OLS)http://semarc/number/22281 996 $6245$aScienza e tecnologia per lo sviluppo nella pace :$batti del 61. corso di aggionamento culturale dell'Università Cattolica, Piacenza, 8-13 settembre 1991$9(OLS)http://semarc/title/74321 996 $6260$aMilano :$bVita e Pensiero$9(OLS)http://semarc/publisher/29642